[Event "chess.com SpeedChess Q2Sw"]
[Site "chess.com INT"]
[Date "2022.11.12"]
[Round "11"]
[White "Kazakov, Mikhail"]
[Black "Shuvalova, Polina"]
[Result "1/2-1/2"]
[WhiteTitle "GM"]
[BlackTitle "IM"]
[WhiteElo "2513"]
[BlackElo "2492"]
[WhiteFideId "14102749"]
[BlackFideId "24171760"]
[EventDate "2022.11.12"]

1. d4 Nf6 2. c4 e6 3. Nc3 Bb4 4. e3 O-O 5. Nf3 b6 6. Bd3 Bb7 7. O-O c5 8. a3
Bxc3 9. bxc3 d6 10. Qe2 Nc6 11. e4 Nd7 12. Bf4 Qe7 13. Rad1 e5 14. Bg3 cxd4 15.
cxd4 Nxd4 16. Nxd4 exd4 17. Bb1 Qf6 18. Qd3 Ne5 19. Qxd4 Rac8 20. Qxd6 Qxd6 21.
Rxd6 Nxc4 22. Rd7 Bc6 23. Rxa7 Nd2 24. Rd1 Bxe4 25. Bxe4 Nxe4 26. Rb7 b5 27. Re1
Nc3 28. h3 Rfe8 29. Rxe8+ Rxe8 30. Rc7 Ne2+ 31. Kh2 h6 32. Bd6 Re6 33. Bc5 Nf4
34. Rb7 Rg6 35. g3 Nd3 36. Be3 Ra6 37. Rd7 Rxa3 38. Rb7 b4 39. Kg2 b3 40. Bd4
Ra4 41. Bc3 Ra2 42. Rxb3 Rxf2+ 43. Kg1 Rf3 44. Kg2 Ne1+ 45. Kh2 Kh7 46. Ra3 Nc2
47. Rb3 Nd4 48. Rb4 Ne2 49. Be1 Rf1 50. Rb1 f6 51. Ra1 h5 52. Bc3 Rf2+ 53. Kh1
Nxg3+ 54. Kg1 Rc2 55. Be1 Nf5 56. Ra5 Ne3 57. Bf2 Rc1+ 58. Kh2 Nf1+ 59. Kg2 Kg6
60. Kf3 Nd2+ 61. Ke2 Nc4 62. Ra4 Rc2+ 63. Kd3 Rxf2 64. Rxc4 Rf3+ 65. Ke2 Rxh3
66. Kf2 Rd3 67. Ke2 Rd5 68. Kf2 Rg5 69. Kf3 Kh6 70. Rh4 Kg6 71. Rh1 Rg4 72. Kf2
Kg5 73. Kf3 f5 74. Ra1 g6 75. Ra8 h4 76. Ra6 h3 77. Ra8 Rh4 78. Ra1 h2 79. Rh1
Kf6 80. Kg2 g5 81. Kg3 f4+ 82. Kf3 Kf5 83. Kg2 Ke4 84. Re1+ Kd3 85. Kh1 f3 86.
Re3+ Kd4 87. Rd3+ Ke5 88. Rd5+ Kf6 89. Rf5+ Ke6 90. Re5+ Kd6 91. Rd5+ Ke7 92.
Re5+ Kf6 93. Rf5+ Kg6 94. Rxg5+ Kh6 95. Rh5+ Rxh5 1/2-1/2

[Event "chess.com SpeedChess Q2Sw"]
[Site "chess.com INT"]
[Date "2022.11.12"]
[Round "11"]
[White "Harikrishna, Pentala"]
[Black "Yoo, Christopher Woojin"]
[Result "1/2-1/2"]
[WhiteTitle "GM"]
[BlackTitle "GM"]
[WhiteElo "2715"]
[BlackElo "2573"]
[WhiteFideId "5007003"]
[BlackFideId "30909694"]
[EventDate "2022.11.12"]

1. Nf3 Nf6 2. g3 b6 3. Bg2 Bb7 4. O-O e6 5. c4 c5 6. b3 Be7 7. Bb2 O-O 8. Nc3 d5
9. cxd5 Nxd5 10. Nxd5 Bxd5 11. Re1 Nd7 12. d4 Bf6 13. Qd2 Rc8 14. Rad1 cxd4 15.
Nxd4 Bxg2 16. Kxg2 Nc5 17. Qe3 Qd5+ 18. Nf3 Qe4 19. Qxe4 Nxe4 20. Bxf6 Nxf6 21.
Rd2 Rc7 22. Red1 g6 23. Ne5 Kg7 24. f3 Nd5 25. Kf2 Nc3 26. Ra1 f6 27. Nc4 b5 28.
Ne3 Rfc8 29. Ke1 Kf7 30. Rc1 Ke7 31. h4 b4 32. Nc4 Nb5 33. Rcd1 Nc3 34. Rc1 Nd5
35. Rcd1 a5 36. Nxa5 Ne3 37. Rb1 Ra7 38. Kf2 Nd5 39. Nc4 Nc3 40. Rbb2 Rca8 41.
Nb6 Rb8 42. Na4 Nxa4 43. bxa4 Rxa4 44. Rd4 Rb5 45. Rc4 Kd6 46. Rd2+ Rd5 47. Rb2
Rb5 48. Rd2+ Rd5 49. Rdc2 f5 50. Rc6+ Ke7 51. Rb6 Kf6 52. Rb2 Rda5 53. Rb7 Rxa2
54. Rxa2 Rxa2 55. Rxb4 h6 56. Rb6 g5 57. hxg5+ hxg5 58. Rb4 Ra1 59. g4 f4 60.
Rb8 Rh1 61. Rf8+ Kg7 62. Re8 Kf7 63. Rb8 Rh2+ 64. Ke1 Kf6 65. Rf8+ Ke7 66. Rg8
Kf6 67. Rf8+ Kg7 68. Rb8 Kf7 69. Kd2 Rh1 70. Rb7+ Kf6 71. Rb8 Ra1 72. Rf8+ Ke5
73. Rg8 Kd4 74. Rd8+ Ke5 75. Rd7 Ra2+ 76. Ke1 Kf6 77. Kf2 e5 78. Rd6+ Kf7 79.
Rb6 Ra4 80. Rb5 Ke6 81. Rb8 e4 82. Re8+ Kd5 83. fxe4+ Rxe4 84. Rf8 Re5 85. Rf6
Ke4 86. Rf8 Ra5 87. Rf7 Ra1 88. Re7+ Kd4 89. Rg7 Ra5 90. Re7 Re5 91. Rd7+ Ke4
92. Rf7 Kd5 93. Rd7+ Ke6 94. Rd4 Ra5 95. Re4+ Kf6 96. e3 Ra2+ 97. Kf3 Ra3 98.
Ke2 fxe3 99. Rxe3 Ra4 100. Kf3 Rf4+ 101. Kg3 Ra4 102. Rf3+ Kg6 103. Re3 Ra6 104.
Rf3 Rf6 105. Re3 Rf4 106. Re6+ Kf7 107. Re5 Kf6 108. Re3 Ra4 109. Rf3+ Kg6 110.
Re3 Ra6 111. Rf3 Rb6 1/2-1/2

[Event "chess.com SpeedChess Q2Sw"]
[Site "chess.com INT"]
[Date "2022.11.12"]
[Round "12"]
[White "Biastoch, Bennet"]
[Black "Alahakoon, Isuru"]
[Result "0-1"]
[WhiteTitle "FM"]
[BlackTitle "FM"]
[WhiteElo "2232"]
[BlackElo "1984"]
[WhiteFideId "12939889"]
[BlackFideId "9900993"]
[EventDate "2022.11.12"]

1. e4 d5 2. exd5 Qxd5 3. Nc3 Qa5 4. d4 Nf6 5. Bc4 Bg4 6. Ne2 Nc6 7. f3 Bh5 8. h4
h6 9. Bf4 O-O-O 10. Qd2 e5 11. Be3 exd4 12. Nxd4 Nxd4 13. Bxd4 c5 14. b4 Qxb4 0-1

[Event "chess.com SpeedChess Q2Sw"]
[Site "chess.com INT"]
[Date "2022.11.12"]
[Round "12"]
[White "Rohith, Krishna S"]
[Black "Veiga, Jose Francisco R P Neves"]
[Result "1-0"]
[WhiteTitle "FM"]
[BlackTitle "IM"]
[WhiteElo "2380"]
[BlackElo "2393"]
[WhiteFideId "46617051"]
[BlackFideId "1930087"]
[EventDate "2022.11.12"]

1. e4 Nc6 2. d4 d5 3. exd5 Qxd5 4. Nf3 Bg4 5. Be2 O-O-O 6. c4 Qd6 7. d5 Bxf3 8.
Bxf3 Ne5 9. Be2 e6 10. Nc3 Nf6 11. Qa4 Kb8 12. Be3 a6 13. c5 Qe7 14. Bxa6 Nxd5
15. Bxb7 Kxb7 16. Qb5+ Nb6 17. cxb6 c6 18. Qxe5 1-0

[Event "chess.com SpeedChess Q2Sw"]
[Site "chess.com INT"]
[Date "2022.11.12"]
[Round "12"]
[White "Peyrer, Konstantin"]
[Black "Kazakov, Mikhail"]
[Result "1-0"]
[WhiteTitle "FM"]
[BlackTitle "GM"]
[WhiteElo "2393"]
[BlackElo "2513"]
[WhiteFideId "1640879"]
[BlackFideId "14102749"]
[EventDate "2022.11.12"]

1. Nf3 d5 2. c4 d4 3. g3 c5 4. Bg2 Nc6 5. O-O e5 6. d3 Nf6 7. e3 Be7 8. exd4
exd4 9. Re1 O-O 10. a3 a5 11. Nbd2 Re8 12. Ne5 Nxe5 13. Rxe5 Bd6 14. Rxe8+ Qxe8
15. Ne4 Nxe4 16. Bxe4 Qe7 17. Bd2 Be6 18. Qf3 Rb8 19. Bxa5 b6 20. Bd2 g6 21. Re1
Qd7 22. Bc6 Qc7 23. Bd5 Bxd5 24. Qxd5 Bf8 25. Bf4 1-0

[Event "chess.com SpeedChess Q2Sw"]
[Site "chess.com INT"]
[Date "2022.11.12"]
[Round "12"]
[White "Demidov, Mikhail"]
[Black "Liyanage, Ranindu Dilshan"]
[Result "1-0"]
[WhiteTitle "GM"]
[BlackTitle "FM"]
[WhiteElo "2568"]
[BlackElo "2331"]
[WhiteFideId "4197143"]
[BlackFideId "9915834"]
[EventDate "2022.11.12"]

1. Nf3 d5 2. g3 g6 3. Bg2 Bg7 4. O-O e5 5. d3 Ne7 6. e4 Nbc6 7. exd5 Nxd5 8. Nc3
Nxc3 9. bxc3 O-O 10. Rb1 Rb8 11. Ng5 h6 12. Nxf7 Rxf7 13. Bxc6 Bh3 14. Rxb7 Rxb7
15. Bxb7 Bxf1 16. Qxf1 Qd6 17. Be4 Bf8 18. Be3 a6 19. Qb1 Kg7 20. Qb3 Qa3 21.
Bxh6+ 1-0

[Event "chess.com SpeedChess Q2Sw"]
[Site "chess.com INT"]
[Date "2022.11.12"]
[Round "12"]
[White "Boros, Denes"]
[Black "Lewtak, Damian"]
[Result "1-0"]
[WhiteTitle "GM"]
[BlackTitle "IM"]
[WhiteElo "2402"]
[BlackElo "2385"]
[WhiteFideId "722340"]
[BlackFideId "1141724"]
[EventDate "2022.11.12"]

1. Nc3 g6 2. d4 Bg7 3. e4 d6 4. Nf3 c6 5. Be3 b5 6. Qd2 Nf6 7. Bd3 a6 8. Bh6 O-O
9. h3 Nbd7 10. e5 dxe5 11. dxe5 Nd5 12. Nxd5 cxd5 13. Bxg7 Kxg7 14. h4 Nc5 15.
h5 Rh8 16. Nd4 Ne6 17. Ne2 h6 18. hxg6 fxg6 19. f4 Nc5 20. Nd4 Bg4 21. f5 Nxd3+
22. Qxd3 Bxf5 23. Nxf5+ gxf5 24. Qxf5 Qc8 25. e6 Qf8 26. Qg4+ Kh7 27. Rf1 1-0

[Event "chess.com SpeedChess Q2Sw"]
[Site "chess.com INT"]
[Date "2022.11.12"]
[Round "12"]
[White "Terry, Renato"]
[Black "Vogel, Roven"]
[Result "1-0"]
[WhiteTitle "IM"]
[BlackTitle "IM"]
[WhiteElo "2516"]
[BlackElo "2461"]
[WhiteFideId "3803457"]
[BlackFideId "12908088"]
[EventDate "2022.11.12"]

1. d4 d5 2. Nf3 Nf6 3. c4 c6 4. Nc3 e6 5. Bg5 Nbd7 6. e3 Be7 7. Qc2 O-O 8. Rc1
h6 9. Bf4 a6 10. h3 dxc4 11. Bxc4 b5 12. Bd3 Bb7 13. Ne4 Nxe4 14. Bxe4 Nf6 15.
O-O Nxe4 16. Qxe4 Rc8 17. Ne5 Bd6 18. Nd3 Rc7 19. Nc5 Bc8 20. b4 Re8 21. Bxd6
Qxd6 22. f4 f6 23. Rc2 Qd5 24. Rfc1 Ra7 25. Qg6 Ree7 26. Rd2 Bd7 27. e4 Qd6 28.
e5 fxe5 29. Ne4 Qc5 30. dxc5 1-0

[Event "chess.com SpeedChess Q2Sw"]
[Site "chess.com INT"]
[Date "2022.11.12"]
[Round "12"]
[White "Ter-Sahakyan, Samvel"]
[Black "Filgueira, Hernan"]
[Result "1-0"]
[WhiteTitle "GM"]
[BlackTitle "IM"]
[WhiteElo "2605"]
[BlackElo "2283"]
[WhiteFideId "13302531"]
[BlackFideId "101770"]
[EventDate "2022.11.12"]

1. d4 d6 2. e4 Nf6 3. Nc3 c6 4. f4 Qa5 5. Bd3 e5 6. Nf3 exd4 7. Nxd4 g6 8. h3
Bg7 9. Be3 Nbd7 10. O-O O-O 11. Qf3 Qc7 12. Rae1 b5 13. a3 a6 14. g4 c5 15. Nf5
gxf5 16. g5 Bb7 17. gxf6 Nxf6 18. Nd5 Bxd5 19. exd5 Qd7 20. Kh2 Kh8 21. Rg1 c4
22. Rxg7 cxd3 23. Bd4 1-0

[Event "chess.com SpeedChess Q2Sw"]
[Site "chess.com INT"]
[Date "2022.11.12"]
[Round "12"]
[White "Gokerkan, Cem Kaan"]
[Black "Rustemov, Alexander"]
[Result "0-1"]
[WhiteTitle "IM"]
[BlackTitle "GM"]
[WhiteElo "2470"]
[BlackElo "2525"]
[WhiteFideId "6336760"]
[BlackFideId "4119002"]
[EventDate "2022.11.12"]

1. e4 e6 2. d4 d5 3. Nd2 dxe4 4. Nxe4 Bd7 5. Nf3 Bc6 6. Bd3 Nd7 7. O-O Ngf6 8.
Ng3 Be7 9. Qe2 Bxf3 10. Qxf3 c6 11. c3 O-O 12. h4 h6 13. h5 Re8 14. Re1 Nd5 15.
Ne4 N7f6 16. Nxf6+ Bxf6 17. Qe4 Kf8 18. Qh7 b5 19. a4 a6 20. Bd2 Bg5 21. Bxg5
Qxg5 22. axb5 Nf6 23. f4 Qg3 24. Qh8+ Ke7 25. Qxg7 Qxg7 0-1

[Event "chess.com SpeedChess Q2Sw"]
[Site "chess.com INT"]
[Date "2022.11.12"]
[Round "12"]
[White "Yu, Yangyi"]
[Black "Xiong, Jeffery"]
[Result "1-0"]
[WhiteTitle "GM"]
[BlackTitle "GM"]
[WhiteElo "2716"]
[BlackElo "2692"]
[WhiteFideId "8603820"]
[BlackFideId "2047640"]
[EventDate "2022.11.12"]

1. e4 e5 2. Nf3 Nc6 3. Bb5 Nf6 4. d3 Bc5 5. Ba4 O-O 6. O-O Re8 7. c3 Bf8 8. Bg5
h6 9. Bh4 d6 10. Nbd2 Bd7 11. Re1 Be7 12. Nf1 Nh5 13. Bg3 Nxg3 14. fxg3 Bf8 15.
Ne3 Ne7 16. Bb3 g6 17. Rf1 Bg7 18. Bxf7+ Kxf7 19. Qb3+ d5 20. Nxd5 Nxd5 21.
Qxd5+ Ke7 22. Nxe5 Bxe5 23. Rf7# 1-0

[Event "chess.com SpeedChess Q2Sw"]
[Site "chess.com INT"]
[Date "2022.11.12"]
[Round "12"]
[White "Vokhidov, Shamsiddin"]
[Black "Djordjevic, Vuk"]
[Result "0-1"]
[WhiteTitle "GM"]
[BlackTitle "IM"]
[WhiteElo "2568"]
[BlackElo "2394"]
[WhiteFideId "14204223"]
[BlackFideId "902098"]
[EventDate "2022.11.12"]

1. e4 d5 2. Nc3 d4 3. Nce2 e5 4. Ng3 Be6 5. Nf3 f6 6. d3 c5 7. Be2 Nc6 8. O-O
Qd7 9. c3 Nge7 10. Nh4 O-O-O 11. Bd2 Kb8 12. a3 dxc3 13. Bxc3 g5 14. Nhf5 Nxf5
15. exf5 Bxf5 16. Nxf5 Qxf5 17. Bf3 Qe6 18. b4 Nd4 19. Bxd4 cxd4 20. Rc1 f5 21.
g3 g4 22. Bg2 Bh6 23. Rc5 e4 24. Re1 e3 25. f3 Rhe8 26. fxg4 e2 27. Qc2 Qe3+ 28.
Kh1 Qf2 29. Qb1 Qxe1+ 30. Qxe1 Bd2 0-1

[Event "chess.com SpeedChess Q2Sw"]
[Site "chess.com INT"]
[Date "2022.11.12"]
[Round "12"]
[White "Costello, Alexander"]
[Black "Sadovsky, Artem"]
[Result "1-0"]
[WhiteTitle "IM"]
[BlackTitle "IM"]
[WhiteElo "2224"]
[BlackElo "2276"]
[WhiteFideId "2099659"]
[BlackFideId "4155840"]
[EventDate "2022.11.12"]

1. e4 g6 2. d4 Bg7 3. Nf3 c6 4. Nc3 d5 5. h3 dxe4 6. Nxe4 Nd7 7. Bf4 Ngf6 8.
Nxf6+ Nxf6 9. Bd3 O-O 10. O-O Nd5 11. Bd2 b5 12. a4 Qb6 13. axb5 cxb5 14. Qe2 b4
15. c4 bxc3 16. bxc3 a5 17. Rfb1 Qc7 18. c4 Nf4 19. Bxf4 Qxf4 20. Qe4 Qxe4 21.
Bxe4 Ra7 22. Bc6 Bf5 23. Rb5 a4 24. Ra3 Rc8 25. d5 Bb2 26. Rxb2 Kg7 27. Nd4 Bd7
28. Nb5 Rb8 29. Nxa7 Rxb2 30. Bxd7 Rb7 31. Rxa4 Rxd7 32. c5 Rxd5 33. Rc4 Rd1+
34. Kh2 Rc1 35. Rxc1 g5 36. c6 g4 37. c7 g3+ 38. Kxg3 f5 39. c8=Q f4+ 40. Kxf4
e5+ 41. Kxe5 Kh6 42. Qe6+ Kh5 43. Qf5+ Kh6 44. Rc6+ Kg7 45. Qf6+ Kg8 46. Rc8# 1-0

[Event "chess.com SpeedChess Q2Sw"]
[Site "chess.com INT"]
[Date "2022.11.12"]
[Round "12"]
[White "Sellitti, Federico"]
[Black "Shipov, Sergei"]
[Result "1-0"]
[BlackTitle "GM"]
[WhiteElo "2176"]
[BlackElo "2541"]
[WhiteFideId "821829"]
[BlackFideId "4113624"]
[EventDate "2022.11.12"]

1. e4 e6 2. b3 d5 3. Bb2 dxe4 4. Nc3 e5 5. Nxe4 Nc6 6. Bc4 Be7 7. Qf3 Nf6 8.
O-O-O O-O 9. Ne2 a6 10. h3 Kh8 11. g4 Nd5 12. h4 b5 13. Bxd5 Qxd5 14. h5 f5 15.
gxf5 Bxf5 16. N2c3 Qd7 17. Rhg1 Nd4 18. Qg2 Rf7 19. Ng5 Raf8 20. Nxf7+ Rxf7 21.
h6 Bxc2 22. Qa8+ Qd8 23. Qxd8+ Bxd8 24. Rde1 Bf6 25. Nd5 c5 26. Bxd4 1-0

[Event "chess.com SpeedChess Q2Sw"]
[Site "chess.com INT"]
[Date "2022.11.12"]
[Round "12"]
[White "Aditya, Mittal"]
[Black "Omariev, Maksim"]
[Result "1-0"]
[WhiteTitle "IM"]
[BlackTitle "FM"]
[WhiteElo "2486"]
[BlackElo "2304"]
[WhiteFideId "35042025"]
[BlackFideId "4193423"]
[EventDate "2022.11.12"]

1. d4 d5 2. c4 e6 3. Nc3 Nf6 4. cxd5 exd5 5. Bg5 Be7 6. e3 c6 7. Bd3 Bg4 8. Qb3
Qb6 9. h3 Bh5 10. Nf3 Bg6 11. Bxg6 hxg6 12. Qc2 Nbd7 13. O-O Nf8 14. Bxf6 gxf6
15. e4 dxe4 16. Qxe4 Qxb2 17. Rfe1 Ne6 18. d5 Qxc3 19. dxe6 O-O-O 20. exf7 Bc5
21. Qxg6 Rhf8 22. Rac1 Qa3 23. Qf5+ Kb8 24. Qxc5 1-0

[Event "chess.com SpeedChess Q2Sw"]
[Site "chess.com INT"]
[Date "2022.11.12"]
[Round "12"]
[White "Lazavik, Denis"]
[Black "Martinez Alcantara, Jose Eduardo"]
[Result "1/2-1/2"]
[WhiteTitle "IM"]
[BlackTitle "GM"]
[WhiteElo "2529"]
[BlackElo "2597"]
[WhiteFideId "13515110"]
[BlackFideId "3805662"]
[EventDate "2022.11.12"]

1. d4 Nf6 2. c4 e6 3. Nf3 Bb4+ 4. Bd2 Qe7 5. g3 Bxd2+ 6. Qxd2 Nc6 7. b3 a5 8.
Nc3 a4 9. Rb1 axb3 10. axb3 d5 11. Bg2 Ne4 12. Nxe4 dxe4 13. Ne5 Nxe5 14. dxe5
Qc5 15. Qc3 Ra5 16. Bxe4 Qxe5 17. Qxe5 Rxe5 18. Bd3 Ra5 19. Kd2 c5 20. Ra1 Rxa1
21. Rxa1 Kd7 22. Kc3 Kc7 23. Ra5 Kd6 24. Be4 f5 25. Bf3 Rf8 26. b4 cxb4+ 27.
Kxb4 g5 28. c5+ Kc7 29. e3 g4 30. Be2 Rd8 31. Kc3 Rd5 1/2-1/2

[Event "chess.com SpeedChess Q2Sw"]
[Site "chess.com INT"]
[Date "2022.11.12"]
[Round "12"]
[White "Dehtiarov, Roman"]
[Black "Matamoros Franco, Carlos S."]
[Result "0-1"]
[WhiteTitle "FM"]
[BlackTitle "GM"]
[WhiteElo "2300"]
[BlackElo "2451"]
[WhiteFideId "14186640"]
[BlackFideId "3600017"]
[EventDate "2022.11.12"]

1. e4 e6 2. d3 d5 3. Nd2 c5 4. g3 Nc6 5. Bg2 Nf6 6. Ne2 Be7 7. O-O O-O 8. f4 b5
9. e5 Nd7 10. c3 a5 11. Nf3 b4 12. Be3 a4 13. a3 bxa3 14. bxa3 Ba6 15. g4 Rb8
16. Ng3 Rb3 17. Qc2 Qa5 18. Bd2 Qb5 19. Ne1 Rb2 20. Qd1 Qb3 21. Qxb3 axb3 22.
Be3 c4 23. d4 Nb6 24. Rf2 Rxf2 25. Kxf2 Na4 26. Bd2 Na7 27. Ne2 Nb5 28. f5 b2
29. Rd1 Nxa3 30. g5 b1=Q 31. Rxb1 Nxb1 32. Bc1 Ba3 33. Be3 Nbxc3 34. Nf4 Nd1+
35. Ke2 Nxe3 36. Kxe3 Bc1+ 0-1

[Event "chess.com SpeedChess Q2Sw"]
[Site "chess.com INT"]
[Date "2022.11.12"]
[Round "12"]
[White "Shuvalova, Polina"]
[Black "Primbetov, Kazbek"]
[Result "1-0"]
[WhiteTitle "IM"]
[BlackTitle "FM"]
[WhiteElo "2492"]
[BlackElo "2156"]
[WhiteFideId "24171760"]
[BlackFideId "13702297"]
[EventDate "2022.11.12"]

1. e4 c5 2. Nf3 e6 3. g3 Nc6 4. Bg2 Nf6 5. d3 d5 6. Qe2 Be7 7. O-O O-O 8. Re1 b5
9. a4 b4 10. Nbd2 Ba6 11. e5 Nd7 12. Nf1 c4 13. d4 Qb6 14. c3 bxc3 15. bxc3 Na5
16. Bg5 Qd8 17. h4 Nb3 18. Ra2 Bb7 19. Ne3 Bc6 20. Bxe7 Qxe7 21. Ng5 f6 22. exf6
gxf6 23. Nxd5 Bxd5 24. Bxd5 fxg5 25. Bxa8 Rxa8 26. Qxc4 Na5 27. Qa6 Qd8 28.
Qxe6+ Kh8 29. hxg5 Rc8 30. Qf7 Nc4 31. Re7 1-0

[Event "chess.com SpeedChess Q2Sw"]
[Site "chess.com INT"]
[Date "2022.11.12"]
[Round "12"]
[White "Vifleemskaia, Svetlana"]
[Black "Czerw, Dawid"]
[Result "0-1"]
[WhiteTitle "WFM"]
[BlackTitle "FM"]
[WhiteElo "1947"]
[BlackElo "2373"]
[WhiteFideId "4129490"]
[BlackFideId "1145746"]
[EventDate "2022.11.12"]

1. d4 Nf6 2. c4 c5 3. d5 b5 4. Qc2 Bb7 5. e4 d6 6. cxb5 a6 7. Nc3 g6 8. Nf3 Bg7
9. a4 O-O 10. h3 e6 11. dxe6 fxe6 12. Bg5 Qa5 13. Bd3 axb5 14. O-O b4 15. Nb5
Qd8 16. e5 dxe5 17. Nxe5 Nbd7 18. Nc4 Nb6 19. Ncd6 Bd5 20. a5 Nc8 21. Qxc5 Ra6
22. Nc4 Rc6 23. Qd4 Bxc4 24. Qxd8 Rxd8 25. Bxc4 Rxc4 26. a6 Rc5 27. a7 Nxa7 28.
Nxa7 Rxg5 29. Nc6 Rd2 30. Nxb4 Rxb2 31. Ra8+ Bf8 0-1

[Event "chess.com SpeedChess Q2Sw"]
[Site "chess.com INT"]
[Date "2022.11.12"]
[Round "12"]
[White "Theodorou, Nikolas"]
[Black "Jones, Gawain C B"]
[Result "1-0"]
[WhiteTitle "GM"]
[BlackTitle "GM"]
[WhiteElo "2598"]
[BlackElo "2623"]
[WhiteFideId "4262875"]
[BlackFideId "409561"]
[EventDate "2022.11.12"]

1. e4 e5 2. d4 exd4 3. c3 Qe7 4. cxd4 Qxe4+ 5. Be3 Nf6 6. Nc3 Bb4 7. Ne2 Nd5 8.
Qd2 Bxc3 9. Nxc3 Nxc3 10. bxc3 O-O 11. Bd3 Qxg2 12. O-O-O Qh3 13. Rhg1 Kh8 14.
Rxg7 Kxg7 15. Rg1+ Kh8 16. Bh6 Qxh2 17. Qg5 Qxg1+ 18. Qxg1 Rg8 19. Qh2 d6 20.
Bg5 Rg6 21. Bxg6 fxg6 22. Qf4 Bf5 23. Bf6+ Kg8 24. Qh6 Kf7 25. Qg7+ Ke6 26. c4
Bd3 27. Bh4 Bxc4 28. Qg8+ Kf5 29. Qxc4 Nc6 30. Qb5+ Kg4 31. Qxb7 Rf8 32. Bg3 Nd8
33. Qe4+ Kh3 34. Qh1+ Kg4 35. Qh6 Ne6 36. d5 Rf5 37. Qh4+ 1-0

[Event "chess.com SpeedChess Q2Sw"]
[Site "chess.com INT"]
[Date "2022.11.12"]
[Round "12"]
[White "Klukin, Kirill"]
[Black "Manukian, Artak"]
[Result "1/2-1/2"]
[WhiteTitle "IM"]
[WhiteElo "2390"]
[BlackElo "2196"]
[WhiteFideId "24199273"]
[BlackFideId "13301373"]
[EventDate "2022.11.12"]

1. d4 d5 2. c4 dxc4 3. Nf3 Nf6 4. e3 e6 5. Bxc4 c5 6. O-O a6 7. b3 b5 8. Be2 Bb7
9. Bb2 Nbd7 10. a4 Qb6 11. axb5 axb5 12. Nc3 Rxa1 13. Qxa1 Bc6 14. Rc1 Be7 15.
dxc5 Nxc5 16. Nd4 O-O 17. Nxc6 Qxc6 18. Nxb5 Ra8 19. Qb1 Qe4 20. b4 Qxb4 21. Bd4
Qxb1 22. Rxb1 Nfe4 23. Bf3 Ra2 24. Nc3 Nxc3 25. Bxc3 f6 26. Rd1 Rc2 27. Bb4 Kf7
28. g3 Rb2 29. Bc3 Rc2 30. Bb4 Rb2 31. Ba3 Ra2 32. Bb4 Rb2 1/2-1/2

[Event "chess.com SpeedChess Q2Sw"]
[Site "chess.com INT"]
[Date "2022.11.12"]
[Round "12"]
[White "Stoyanov, Tsvetan"]
[Black "Pranav, V"]
[Result "0-1"]
[WhiteTitle "IM"]
[BlackTitle "IM"]
[WhiteElo "2456"]
[BlackElo "2548"]
[WhiteFideId "2917173"]
[BlackFideId "25060783"]
[EventDate "2022.11.12"]

1. c4 e5 2. Nc3 Nc6 3. Nf3 Nf6 4. e4 Bc5 5. Nxe5 O-O 6. Nxc6 dxc6 7. Be2 Qd4 8.
O-O Nxe4 9. Nxe4 Qxe4 10. d3 Qh4 11. Be3 Bd4 12. Qc1 h6 13. Bxd4 Qxd4 14. Qc3
Qf4 15. d4 Re8 16. Bf3 Bf5 17. Rad1 Rad8 18. Qa5 Bc2 19. Qd2 Qf5 20. Rc1 Bd3 21.
Rfe1 Rxe1+ 22. Rxe1 Rxd4 23. Re8+ Kh7 24. h3 c5 25. Qe3 b6 26. Re5 Qf6 27. b3
Bg6 28. Rd5 c6 29. Re5 Rd3 30. Qe2 Rc3 31. Re8 Qf4 32. Qe5 Rc1+ 0-1

[Event "chess.com SpeedChess Q2Sw"]
[Site "chess.com INT"]
[Date "2022.11.12"]
[Round "12"]
[White "Kopylov, Alexander A."]
[Black "Parkhov, Yair"]
[Result "0-1"]
[WhiteTitle "IM"]
[BlackTitle "IM"]
[WhiteElo "2397"]
[BlackElo "2470"]
[WhiteFideId "4164857"]
[BlackFideId "2813408"]
[EventDate "2022.11.12"]

1. e4 c6 2. Nf3 d5 3. d3 dxe4 4. dxe4 Qxd1+ 5. Kxd1 Nf6 6. Nfd2 g5 7. a4 h5 8.
a5 h4 9. Na3 h3 10. g3 Nbd7 11. f3 g4 12. f4 Nc5 13. e5 Nd5 14. Nb3 Ne4 15. Ke1
Bf5 16. Nd4 e6 17. Nxf5 exf5 18. c3 Bc5 19. Be2 Bf2+ 20. Kd1 Bxg3 21. Kc2 Bxf4
22. Nc4 O-O-O 23. Bd3 Kb8 24. Bxe4 fxe4 25. Bxf4 Nxf4 26. Rhf1 Ng2 27. Rxf7 e3
28. a6 e2 29. Rxb7+ Ka8 30. Na5 e1=Q 31. Rxe1 Nxe1+ 32. Kb1 Rc8 33. Rg7 Rhg8 34.
Rh7 Nf3 35. e6 Nxh2 36. e7 g3 37. Rxh3 g2 0-1

[Event "chess.com SpeedChess Q2Sw"]
[Site "chess.com INT"]
[Date "2022.11.12"]
[Round "12"]
[White "Fedoseev, Vladimir3"]
[Black "Bok, Benjamin"]
[Result "1-0"]
[WhiteTitle "GM"]
[BlackTitle "GM"]
[WhiteElo "2688"]
[BlackElo "2618"]
[WhiteFideId "24130737"]
[BlackFideId "1017063"]
[EventDate "2022.11.12"]

1. e4 e5 2. Nf3 Nc6 3. Bc4 Bc5 4. d3 Nf6 5. Nc3 h6 6. h3 d6 7. Na4 Bb6 8. a3 Be6
9. Bb5 O-O 10. c3 Ne7 11. Nxb6 axb6 12. Ba4 Ng6 13. O-O d5 14. Bc2 b5 15. d4
Nxe4 16. dxe5 c6 17. Qe2 Re8 18. Re1 Qc7 19. Nd4 Bd7 20. f3 Nc5 21. f4 Ne4 22.
Bxe4 dxe4 23. Qxe4 c5 24. Nf5 Bxf5 25. Qxf5 Rad8 26. Be3 Qc6 27. Rad1 Rd5 28.
Rxd5 Qxd5 29. Qg4 Rd8 30. Kh2 Qd3 31. Bxc5 Kh7 32. f5 Nh8 33. Bd4 Qc2 34. Re2
Qd1 35. e6 f6 36. Qe4 Re8 37. Rf2 Kg8 38. Qxb7 Qe1 39. Qxb5 Rf8 40. Qd7 Kh7 41.
Rf3 Qe2 42. Rg3 Rg8 43. Bxf6 Qe4 1-0